Caricamento...

Mayapuranam

Dettagli Bibliografici
Autore principale: Surendran, K.
Natura: Printed Book
Lingua:English
Pubblicazione: Kottayam D. C. Books 1997
Soggetti:
LEADER 00620nam a2200253 a 4500
001 adlib96000001
003 ViArRB
005 20151026132748.0
008 960221s1955 dcuabcdjdbkoqu001 0deng d
020
022
040 |a Adlib 
082
245 |a Mayapuranam 
250
260 |a Kottayam  |b D. C. Books  |c 1997 
300 |a 106p... 
500 |a   
100 |a Surendran, K. 
700
942 |c BK  |6 _ 
653 |a Malayalam Literature- Fiction 
999 |c 55279  |d 55279 
952 |0 0  |1 0  |4 0  |6 SURPM_FM  |7 0  |9 68189  |a UL  |b UL  |d 2010-06-19  |l 1  |o SURP/M FM  |p 00043535  |r 2012-06-30  |s 2012-05-11  |w 2010-06-19  |y BK